| 000 | 00663nam a2200193Ia 4500 | ||
|---|---|---|---|
| 999 |
_c7543 _d7543 |
||
| 003 | GBCCL | ||
| 005 | 20241126110630.0 | ||
| 008 | 180822b ||||| |||| 00| 0 eng d | ||
| 040 | _cGBC | ||
| 082 |
_a423 _bHAO |
||
| 100 |
_aHaokip, Dal Lian _913338 |
||
| 245 |
_aThe new English-Zomi & Zomi-English dictionary : _bin Tedim Zomi language/ _cby Dal Lian Haokip. |
||
| 260 |
_aChurachandpur : _bDal Lian Haokip, _c2006. |
||
| 300 | _a477 pages ; 25 cm | ||
| 650 |
_aEnglish language -- Tiddim Chin dialect -- Dictionaries. _913339 |
||
| 650 |
_aTiddim Chin dialect -- Dictionaries -- English. _913340 |
||
| 650 |
_aEnglish language. _913341 |
||
| 942 |
_2ddc _cREF |
||